Knicks Player to Nickname - Statistics

General Stats
  • This quiz has been taken 135 times
  • The average score is 8 of 12
Answer Stats
Hint Answer % Correct
OG Anunoby OG
87%
Jalen Brunson _____ Burner
78%
Josh Hart Josh Barkley
75%
Miles McBride Deuce
73%
Karl-Anthony Towns The Big Bodega
70%
Mitchell Robinson Block Ness Monster
66%
Tyler Kolek TKO
66%
Cam Payne The Campaign
65%
Landry Shamet Lanbo
62%
Mikal Bridges The Warden
49%
P.J. Tucker The Tuck Wagon
48%
Precious Achiuwa The Big Sneeze
43%
No matching quizzes found
Score Distribution
Percent of People with Each Score
Percentile by Number Answered
Your Score History
You have not taken this quiz